| 000 | 01260nam2a2200289 4500 | ||
|---|---|---|---|
| 001 | RU\NLR\bibl\1812629 | ||
| 005 | 20250616154217.0 | ||
| 010 |
_a978-5-7755-2298-8 _93000 _bкн. 1 |
||
| 021 |
_aRU _b2011-64532 _94538 |
||
| 021 |
_aRU _b2012-70783 _95212 |
||
| 035 | _a(NLR Aleph) 001803227 | ||
| 090 |
_a1797192 _c1797192 |
||
| 100 | _a20110926d2012 |||y0rusy50 ca | ||
| 101 | 0 | _arus | |
| 102 | _aRU | ||
| 105 | _aa ||||||||| | ||
| 200 | 0 | _aКн. 1 | |
| 210 |
_d2012 [т.е. 2011] _aБ. м. |
||
| 215 |
_a143 с. _cил. |
||
| 300 | _aКн. фактически изд. в 2011 г. | ||
| 461 | 0 |
_1001RU\NLR\bibl\1819091 _12001#$aМатематика$vКн. 1 _91853441 _aДавыдов, В. В. (д-р психол. наук, математик ; 1930-1998) _cМосква _d2012 [т.е. 2011] _e9-е изд., перераб _fВ.В. Давыдов, С.Ф. Горбов, Г.Г. Микулина _nВита Пресс _oучебник для 4 класса начальной школы : [(система Д.Б. Эльконина - В.В. Давыдова)] : в 2 кн. _tМатематика _y9785775523008 _vКн. 1 |
|
| 801 | 0 |
_aRU _bNLR _c20110926 _gRCR |
|
| 801 | 1 |
_aRU _bNLR _c20110926 |
|
| 942 | _cBOOK | ||
| 980 | _aNB | ||